| 000 | 00480nam a2200169Ia 4500 | ||
|---|---|---|---|
| 003 | GCL | ||
| 008 | 140319s9999 xx 000 0 ara d | ||
| 040 |
_aGCL / _cGCL |
||
| 082 | 0 | 4 |
_a956 _bم ح |
| 245 | 1 | 0 | _aحاضر العالم الاسلامى |
| 300 | _a271 ص | ||
| 490 |
_aكتاب _v0 |
||
| 650 | 0 | 4 | _aالتاريخ الاسلامى |
| 650 | 0 | 4 | _aالاستعمار فى البلاد العربية |
| 650 | 0 | 4 | _aالعالم العربى - تاريخ |
| 942 |
_2ddc _cBK |
||
| 999 |
_c43012 _d43012 |
||